Production/operations management / (Record no. 68816)

000 -LEADER
fixed length control field 00856nam a2200277 a 4500
001 - CONTROL NUMBER
control field 2825981
003 - CONTROL NUMBER IDENTIFIER
control field NUST - PNEC
005 - DATE AND TIME OF LATEST TRANSACTION
control field 20170116181102.0
008 - FIXED-LENGTH DATA ELEMENTS--GENERAL INFORMATION
fixed length control field 831104s1985 ilua b 001 0 eng
010 ## - LIBRARY OF CONGRESS CONTROL NUMBER
LC control number 83082967
020 ## - INTERNATIONAL STANDARD BOOK NUMBER
International Standard Book Number 0256030324
040 ## - CATALOGING SOURCE
Original cataloging agency DLC
Transcribing agency LIBRARY
Modifying agency DLC
050 00 - LIBRARY OF CONGRESS CALL NUMBER
Classification number TS155
Item number .H377 1985
082 00 - DEWEY DECIMAL CLASSIFICATION NUMBER
Classification number 658.5 MOO
Edition number 19
100 1# - MAIN ENTRY--PERSONAL NAME
Personal name Hendrick, Thomas E.
245 10 - TITLE STATEMENT
Title Production/operations management /
Statement of responsibility, etc. Thomas E. Hendrick, Franklin G. Moore.
250 ## - EDITION STATEMENT
Edition statement 9th ed.
260 ## - PUBLICATION, DISTRIBUTION, ETC.
Place of publication, distribution, etc. Homewood, Ill. :
Name of publisher, distributor, etc. R.D. Irwin,
Date of publication, distribution, etc. 1985.
300 ## - PHYSICAL DESCRIPTION
Extent xvii, 693 p. :
Other physical details ill. (some col.) ;
Dimensions 25 cm.
500 ## - GENERAL NOTE
General note Includes index.
504 ## - BIBLIOGRAPHY, ETC. NOTE
Bibliography, etc. note Bibliography: p. 673-679.
650 ## - SUBJECT ADDED ENTRY--TOPICAL TERM
9 (RLIN) 12460
Topical term following geographic name entry element Management information management
General subdivision MIS
700 1# - ADDED ENTRY--PERSONAL NAME
Personal name Moore, Franklin G.,
Dates associated with a name 1905-
906 ## - LOCAL DATA ELEMENT F, LDF (RLIN)
a 7
b cbc
c orignew
d 2
e opcn
f 19
g y-gencatlg
942 ## - ADDED ENTRY ELEMENTS (KOHA)
Source of classification or shelving scheme
Koha item type Book
Holdings
Withdrawn status Lost status Source of classification or shelving scheme Damaged status Not for loan Permanent Location Current Location Shelving location Date acquired Total Checkouts Full call number Barcode Date last seen Price effective from Koha item type
          Pakistan Navy Engineering College (PNEC) Pakistan Navy Engineering College (PNEC)       658.5 MOO PNECLIB-008089 10/03/2015   Book
© 2023 Central Library, National University of Sciences and Technology. All Rights Reserved.